|
|
|
|
| LEADER |
00000nam a22000005a 4500 |
| 001 |
vtls010341429 |
| 003 |
SK-MaSNL |
| 005 |
20260301213823.0 |
| 008 |
120213s2011 xo oa g 001 0 slo |
| 015 |
|
|
|a SNBE2012/02-00551
|
| 020 |
|
|
|a 9788097096816 (brož.)
|
| 040 |
|
|
|a SNK
|b slo
|c SNK
|e AACR2
|
| 041 |
0 |
|
|a slo
|
| 043 |
|
|
|a e-xo---
|
| 044 |
|
|
|a xo
|c SK
|
| 072 |
|
7 |
|a 72/76
|x Výtvarné umenie
|2 konspekt
|
| 080 |
|
|
|a 72/76
|2 2001
|
| 080 |
|
|
|a 73/77.05-027.32
|2 2001
|
| 080 |
|
|
|a 72/76.075
|2 2001
|
| 080 |
|
|
|a (437.6)
|2 2001
|
| 080 |
|
|
|a (083.82)017.3
|2 2001
|
| 245 |
0 |
0 |
|a Zimná aukcia výtvarného umenia a starožitností
|b 4. december 2011 15,00 hod. hotel Yasmin, Košice
|c [editor: Jaroslav Krajňák ; fotografie: Radovan Krajňák]
|
| 250 |
|
|
|a [1. vyd.]
|
| 260 |
|
|
|a Nižný Hrušov
|b DARTE Aukčná spoločnosť
|c [2011]
|
| 300 |
|
|
|a 68 s.
|b fareb. fotogr. a ilustr.
|c 29 cm
|
| 500 |
|
|
|a Názov z obalu
|
| 546 |
|
|
|a Reg. aut.
|
| 610 |
2 |
7 |
|a DARTE (aukčná spoločnosť)
|2 SNKKA
|9 183384
|
| 650 |
0 |
7 |
|a výtvarné umenie
|2 SNKPH
|9 723
|
| 650 |
0 |
7 |
|a starožitnosti
|2 SNKPH
|9 2978
|
| 650 |
0 |
7 |
|a umelecké aukcie
|2 SNKPH
|9 73876
|
| 650 |
0 |
7 |
|a Art
|2 SNKPHeng
|9 266209
|
| 650 |
0 |
7 |
|a Antiques
|2 SNKPHeng
|9 337349
|
| 650 |
0 |
7 |
|a Art auctions
|2 SNKPHeng
|9 302762
|
| 651 |
|
7 |
|a Košice (Slovensko)
|2 SNKPH
|9 18694
|
| 651 |
|
7 |
|a Košice (Slovakia)
|2 SNKPHeng
|9 265902
|
| 655 |
|
7 |
|a aukčné katalógy
|2 SNKPH
|9 66147
|
| 655 |
|
7 |
|a Auction catalogues
|2 SNKPHeng
|9 326526
|
| 700 |
1 |
|
|a Krajňák, Jaroslav,
|d 1957-
|4 edt
|9 484517
|
| 700 |
1 |
|
|a Krajňák, Radovan
|4 pht
|9 484518
|
| 919 |
|
|
|a 978-80-970968-1-6
|
| 999 |
|
|
|c 922849
|d 924779
|
| 952 |
|
|
|a SNK
|b SNK
|y PREZ
|7 0
|p 17A0877642
|o snkOSB 16604
|i snk2012/3736
|8 0
|0 0
|1 0
|4 0
|d 2012-02-13
|l 0
|r 2026-02-24 08:21:35
|w 2026-02-24
|
| 952 |
|
|
|a SNK
|b SNK
|y VYP
|7 0
|p 17A0877641
|o snkOSB 16604 D1
|i snk2012/3737
|8 0
|0 0
|1 0
|4 0
|d 2012-02-13
|l 0
|r 2026-02-24 08:21:35
|w 2026-02-24
|